Sports Quiz

Random Sports or Baseball Quiz

Sports Team Shoes Quiz Stats

 Plays Quiz Updated Jul 14, 2017

Support Sporcle.
Go Orange.
Score 0/35 Timer 10:00
0 Plays Today
% Correct
Philadelphia Eagles
96%
Boston Red Sox
96%
San Antonio Spurs
93.2%
New York Yankees
92%
New Orleans Saints
90.3%
Seattle Seahawks
90.1%
Phoenix Suns
88.9%
Carolina Panthers
88.4%
Baltimore Ravens
87.8%
Minnesota Vikings
87.8%
Charlotte Hornets
87.2%
Los Angeles Rams
87%
Buffalo Bills
86.8%
Boston Celtics
86.8%
Chicago Cubs
86.4%
Cleveland Cavaliers
86%
Pittsburgh Penguins/Steelers/Pirates
85.7%
Golden State Warriors
85.4%
% Correct
Dallas Mavericks
85.2%
San Francisco Giants
84.5%
Oklahoma City Thunder
84.4%
Los Angeles Kings
84.1%
Kansas City Royals
83.3%
Anaheim Ducks
82.3%
Portland Trailblazers
81.4%
Chicago Blackhawks
80.1%
Detroit Red Wings
79.6%
Denver Broncos
77.6%
Texas Rangers
76.3%
Washington Nationals
76.1%
Arizona Diamondbacks
75.6%
Nashville Predators
72.2%
Seattle Mariners
70.3%
St. Louis Blues
68.6%
Montréal Canadiens
61.8%

You're not logged in!

Compare scores with friends on all Sporcle quizzes.
OR
Log In
Forgot?

From the Vault

15 Categories: Letter 'C' Blitz II

by Flick

You can't begin a category without the letter 'C'.
Remove Ads.
Support Sporcle.
Get the best of Sporcle when you Go Orange. This ad-free experience offers more features, more stats, and more fun while also helping to support Sporcle. Thank you for becoming a member.

Show Comments

Extras

Top Quizzes Today


Score Distribution

Your Account Isn't Verified!

In order to create a playlist on Sporcle, you need to verify the email address you used during registration. Go to your Sporcle Settings to finish the process.

Report this User

Report this user for behavior that violates our Community Guidelines.

Details: